00921nam a22002651a 450000100060000000300080000600500170001400800400003102000150007103500190008604000350010504100080014008200190014810000260016724500720019326000440026530000610030949000230037065100300039370000250042383000370044894200120048599900170049795201410051427534BD-RjUL20211209051152.0140325s1966 enk 000 0 eng d a0241116783 a(BD-RjUL)27608 aBD-RjULbengcBD-RjULdBD-RjUL aeng a937bHAI 19661 aHadas , Moses 98457810aImperial Rome /cby Moses Hadas and the editors of Time-Life books. aNew York, N.Y. : [bTime, Inc.,c1966. a190 p. : c28 cm.bill. (part col.), maps (part col.) ;  aGreat ages of man. 0aRomexCivilization9845791 aLapper, Ivan.984580 0aFind out about (Hamilton)984589 2ddccBK c27534d27534 00102ddc40708NFICaRUCLbRUCLcStackd1965-02-07eASIATIC SOCIETYg50.00l0o937 HAI 1966r2014-03-25 00:00:00tC-2w2014-03-25yBK